Šťastný klikař /

Hlavní autor: Wallace, Edgar, 1875-1932
Další autoři: Koestler, Jan, Mazal, Jaroslav
Jazyk: Čeština
Vydáno: Praha : Futura, 1992
Vydání: Nové vyd.
Fyzický popis: 95 s.
Knihy
Uloženo v:
LEADER 00881nam a2200265 a 4500
001 000630608
003 CZ BrMZK
005 20111026154821.0
008 021015s1992 xr f cze d
015 |a cnb000535136 
035 |a (OCoLC)186967442 
040 |a BOA001  |b cze  |c BOA001 
041 1 |a cze  |h eng 
080 |a 820-312.4=850  |2 MRF 
100 1 |a Wallace, Edgar,  |d 1875-1932  |7 jn19990008883  |4 aut 
245 1 0 |a Šťastný klikař /  |c Edgar Wallace ; z anglického originálu přeložil Jan Koestler ; redaktor textu Jaroslav Mazal 
250 |a Nové vyd. 
260 |a Praha :  |b Futura,  |c 1992 
300 |a 95 s. 
700 1 |a Koestler, Jan  |7 mzk2011667171  |4 trl 
700 1 |a Mazal, Jaroslav  |4 edt 
765 0 |t We shall see  |9 Česky 
910 |a BOA001  |b D-0976.781 
990 |a BK 
996 6 |b 2619535462  |c D-0976.781  |l MZK  |r Sklad / do 24 hodin  |n 0  |w 000630608  |u 000010  |a 1  |e BOA001  |j MZK50  |s P